000 00742nam a2200265 i 4500
001 000029423
003 DO-SdBNP
005 20260520111229.0
007 ta
008 250109s1986 dr a 000 0 spa d
040 _aDO-SdBNP
_bspa
_cBNPHU
_erda
041 _hspa
082 4 _axxx
_bxxx
_222
100 1 _aMateo, Tirso,
_eautor
_4aut.
_929285
245 1 3 _aLa muerte del alcalde, crimen politico /
_cTirso Mateo
250 _aprimera edición
264 1 _aSanto Domingo :
_bImpresora Mateo,
_c1986.
300 _a90 páginas ;
_c27 cm.
336 _atexto
_btxt
_2rdacontent
337 _asin mediación
_bn
_2rdamedia
338 _avolumen
_bnc
_2rdacarrier
590 _aInventariado, 2025 / DG
910 _aDG
942 _2ddc
_cLBS1
999 _c58014
_d58014